00825cam a22002533a 450000100060000000300060000600500170001200800410002904000150007004200070008505000070009210000330009924501640013226000290029650600300032551600200035565300320037565300220040765300230042965300210045270000270047383000290050085600420052923765PGUSA20140828083516.0071207s2007||||xxu|||||s|||||000 1 eng d aPGUSAbeng adc 4aPZ1 aDickens, Charles,d1812-187010aCaptain Boldheart and the Latin-Grammar Master :bA Holiday Romance from the Pen of Lieut-Col. Robin Redforth, aged 9h[electronic resource] /cCharles Dickens bProject Gutenberg,c2007 aPublic domain in the USA. aElectronic text aPirates -- Juvenile fiction aAdventure stories aChildren's stories aHumorous stories1 aPearse, Susan Beatrice 0aProject Gutenbergv2376540uhttp://www.gutenberg.org/ebooks/23765